00568nam a2200205Ia 450000500170000000800410001702000120005804000190007004100120008908200140010110000150011524500270013026000420015730000090019965000180020885000110022694200070023799900170024495201010026120240327140009.0131103s9999 xx 000 0 und d cRs.1.00 aLoreto College aEnglish a170 bJOL aJoly, E.Le aLed By LovecE.Le Joly aAllahabadbSt paul publicationsc1970 a48p  aMoral science aLCBED  cBK c32115d82594 00102ddc4070aMAINbMAINd2013-11-04l0o170 JOL 6740pB34972r2013-11-04w2013-11-04yBKf